000 00453nam a2200157 i 4500
001 34170
003 ES-MaACL
005 20230906154903.0
007 t|
008 030204s1936 sp ||||1| spa d
100 1 _aBlanco Cañedo, P.
_929231
245 1 0 _aNociones de anatomía, fisiología e higiene /
_cpor P. Blanco Cañedo.
260 _aMadrid :
_b[s.n.,
_c1936] (
_fGráfica Universal)
300 _a221 p. ;
_c22 cm.
852 _aES-MaACL
_jA-4327
999 _c34170
_d34170